Normal view
MARC view
Entry Personal Name
001 - CONTROL NUMBER
- control field: 12668
003 - CONTROL NUMBER IDENTIFIER
- control field: HDC
005 - DATE AND TIME OF LATEST TRANSACTION
- control field: 20230624073404.0
008 - FIXED-LENGTH DATA ELEMENTS
- fixed length control field: 210209|| aca||aabn | a|a d
040 ## - CATALOGING SOURCE
- Original cataloging agency: HDC
- Transcribing agency: HDC
100 ## - HEADING--PERSONAL NAME
- Personal name: Abidin Hamid
670 ## - SOURCE DATA FOUND
- Source citation: Work cat.: (HDC): Abidin Hamid, author, Multiple usage of the ISOLUTE multimode column for the development of a simple, rapid and cost effective method for aflatoxin analysis /, 2002
